India's Constitutional Development Since the 1950's/ (Record no. 206286)
[ view plain ]
| 000 -LEADER | |
|---|---|
| fixed length control field | 00646nam a22002057a 4500 |
| 005 - DATE AND TIME OF LATEST TRANSACTION | |
| control field | 20241010165638.0 |
| 010 ## - LCCN (DPL NO) | |
| LC control number | ENG-142084 |
| 020 ## - INTERNATIONAL STANDARD BOOK NUMBER | |
| International Standard Book Number | 9788186772805 |
| Terms of availability | 1100.00 |
| 035 ## - SYSTEM CONTROL NUMBER | |
| System control number | EN-125616 |
| 037 ## - SOURCE OF ACQUISITION | |
| Source of stock number/acquisition | DBAD |
| 082 ## - DEWEY DECIMAL CLASSIFICATION NUMBER | |
| Classification number | 342.56 |
| Edition number | 1 |
| 100 ## - MAIN ENTRY--PERSONAL NAME | |
| Personal name | Sahoo, Jitendra |
| 245 ## - TITLE STATEMENT | |
| Title | India's Constitutional Development Since the 1950's/ |
| Statement of responsibility, etc | By Jitendra Sahoo |
| 250 ## - EDITION STATEMENT | |
| Edition statement | 1 |
| 260 ## - PUBLICATION, DISTRIBUTION, ETC. (IMPRINT) | |
| Place of publication, distribution, etc | New Delhi |
| Name of publisher, distributor, etc | New Academic Publishers |
| Date of publication, distribution, etc | 2015 |
| 270 ## - ADDRESS | |
| Address | 4760-61/23, Ansari Road Daryaganj |
| City | New Delhi |
| Postal code | 110002 |
| 300 ## - PHYSICAL DESCRIPTION | |
| Extent | 220p. |
| Dimensions | 22cm(Hb) |
| 500 ## - GENERAL NOTE | |
| General note | Its Socio-Political and Economic Dimensions |
| 942 ## - ADDED ENTRY ELEMENTS (KOHA) | |
| Source of classification or shelving scheme | Dewey Decimal Classification |
| Item type | English Books |
| Call number suffix | SAH |
| Classification part | 342.56 |
| Withdrawn status | Lost status | Not for loan | Collection code | Home library | Current library | Date acquired | Source of acquisition | Cost, normal purchase price | Full call number | Barcode | Copy number | Cost, replacement price | Koha item type |
|---|---|---|---|---|---|---|---|---|---|---|---|---|---|
| Non-fiction | Vinoba Puri | Vinoba Puri | 10/10/2024 | Delivery of Books Act Division | 1100.00 | SAH 342.56 | EN-125616 | 1 | 1100.00 | English Books |
